00309nam a2200133Ia 45000030006000000080041000060400015000471000038000622450027001002500010001272600009001375460012001460050017001580STCL150530s9999 xx 000 0 und d aSTCLcSTCL aPriestley, J.B.; Susan Cooper; Ed aEssays of five decades aFirst c1969 aEnglish20220125171146.0